Văn bản hướng dẫn thi hành Luật ngân hàng nhà nước Việt Nam và Luật các tổ chức tín dụng
Uloženo v:
| Médium: | Kniha |
|---|---|
| Jazyk: | Undetermined |
| Vydáno: |
Hà Nội
Chính trị quốc gia
2007
|
| Témata: | |
| Tagy: |
Přidat tag
Žádné tagy, Buďte první, kdo otaguje tento záznam!
|
| Thư viện lưu trữ: | Trung tâm Học liệu Trường Đại học Cần Thơ |
|---|
| LEADER | 00654nam a2200193Ia 4500 | ||
|---|---|---|---|
| 001 | CTU_129044 | ||
| 008 | 210402s9999 xx 000 0 und d | ||
| 020 | |c 33000 | ||
| 082 | |a 346.597082 | ||
| 082 | |b V115 | ||
| 245 | 0 | |a Văn bản hướng dẫn thi hành Luật ngân hàng nhà nước Việt Nam và Luật các tổ chức tín dụng | |
| 260 | |a Hà Nội | ||
| 260 | |b Chính trị quốc gia | ||
| 260 | |c 2007 | ||
| 650 | |a Banking law,banks and banking,Budget | ||
| 650 | |x Law and legislatio,States | ||
| 650 | |z Vietnam | ||
| 904 | |i tuyến | ||
| 980 | |a Trung tâm Học liệu Trường Đại học Cần Thơ | ||